P!nk Discography - Statistics

General Stats
  • This quiz has been taken 37 times
  • The average score is 49 of 114
Answer Stats
Hint Answer % Correct
The Truth About Love Try
90%
Funhouse Funhouse
87%
The Truth About Love Just Give Me a Reason
87%
Funhouse So What
83%
Beautiful Trauma Beautiful Trauma
80%
Beautiful Trauma What About Us
80%
Try This Trouble
77%
I'm Not Dead Stupid Girls
73%
M!ssundaztood Get The Party Started
70%
I'm Not Dead U + Ur Hand
70%
Can't Take Me Home Can't Take Me Home
67%
I'm Not Dead Dear Mr. President
67%
Hurts 2B Human Hurts 2B Human
67%
M!ssundaztood Just Like a Pill
67%
Funhouse Sober
67%
Hurts 2B Human Walk Me Home
67%
I'm Not Dead Who Knew
67%
M!ssundaztood Don't Let Me Get Me
63%
M!ssundaztood Family Portrait
63%
Try This God Is a DJ
63%
I'm Not Dead I'm Not Dead
63%
Funhouse Please Don't Leave Me
63%
Can't Take Me Home There You Go
60%
The Truth About Love True Love
60%
The Truth About Love Blow Me (One Last Kiss)
57%
Funhouse I Don't Believe You
57%
Can't Take Me Home Most Girls
57%
The Truth About Love Are We All We Are
53%
Hurts 2B Human Can We Pretend
53%
Funhouse Glitter In the Air
53%
The Truth About Love The Truth About Love
53%
Funhouse Bad Influence
50%
Try This Last to Know
50%
I'm Not Dead Leave Me Alone (I'm Lonely)
50%
Beautiful Trauma Secrets
50%
Can't Take Me Home You Make Me Sick
50%
Beautiful Trauma Barbies
47%
Hurts 2B Human Hustle
47%
I'm Not Dead Nobody Knows
47%
Beautiful Trauma Revenge
47%
The Truth About Love Slut Like You
47%
Beautiful Trauma Whatever You Want
47%
M!ssundaztood 18 Wheeler
43%
Funhouse Ave Mary A
43%
I'm Not Dead Centerfold
43%
Beautiful Trauma I Am Here
43%
Try This Love Song
43%
Funhouse Mean
43%
The Truth About Love Run
43%
I'm Not Dead Runaway
43%
Can't Take Me Home Split Personality
43%
Funhouse Crystal Ball
40%
I'm Not Dead 'Cuz I Can
40%
The Truth About Love Here Comes the Weekend
40%
I'm Not Dead Long Way to Happy
40%
The Truth About Love Walk of Shame
40%
Beautiful Trauma Wild Hearts Can't Be Broken
40%
I'm Not Dead Conversations With My 13 Year Old Self
37%
I'm Not Dead Fingers
37%
Funhouse It's All Your Fault
37%
M!ssundaztood Misery
37%
M!ssundaztood My Vietnam
37%
The Truth About Love The Great Escape
37%
I'm Not Dead The One That Got Away
37%
The Truth About Love Beam Me Up
33%
M!ssundaztood Catch 22
33%
Try This Catch Me While I'm Sleeping
33%
M!ssundaztood Gone to California
33%
Try This Hooker
33%
The Truth About Love How Come You're Not Here
33%
M!ssundaztood Lonely Girl
33%
Hurts 2B Human Love Me Anyway
33%
M!ssundaztood M!ssundaztood
33%
Hurts 2B Human My Attic
33%
M!ssundaztood Numb
33%
The Truth About Love Where Did the Beat Go?
33%
Beautiful Trauma Where We Go
33%
Hurts 2B Human 90 Days
30%
Beautiful Trauma Better Life
30%
Hurts 2B Human Courage
30%
M!ssundaztood Dear Diary
30%
M!ssundaztood Eventually
30%
Beautiful Trauma For Now
30%
The Truth About Love Good Old Days
30%
Can't Take Me Home Hell Wit Ya
30%
Hurts 2B Human (Hey Why) Miss You Sometime
30%
Can't Take Me Home Hiccup
30%
Try This Humble Neighborhoods
30%
I'm Not Dead I Got Money Now
30%
Can't Take Me Home Let Me Let You Know
30%
Funhouse One Foot Wrong
30%
M!ssundaztood Respect
30%
Try This Save My Life
30%
Can't Take Me Home Stop Falling
30%
Try This Tonight's the Night
30%
Beautiful Trauma You Get My Love
30%
Beautiful Trauma But We Lost It
27%
The Truth About Love Is This Thing On?
27%
The Truth About Love My Signature Move
27%
Can't Take Me Home Private Show
27%
Try This Try Too Hard
27%
Try This Unwind
27%
Hurts 2B Human Circle Game
23%
Hurts 2B Human Happy
23%
Try This Oh My God
23%
Try This Waiting for Love
23%
Can't Take Me Home Love Is Such a Crazy Thing
20%
Try This Walk Away
20%
Hurts 2B Human We Could Have It All
20%
Can't Take Me Home Is It Love
17%
Hurts 2B Human The Last Song of Your Life
17%
Funhouse Why Did I Ever Like You
17%
Funhouse Could've Had Everything
13%
Can't Take Me Home Do What U Do
13%
No matching quizzes found
Score Distribution
Percent of People with Each Score
Percentile by Number Answered
Your Score History
You have not taken this quiz